[Event "RSA-chT U20"]
[Site "Cape Town"]
[Date "2016.01.05"]
[Round "3.1"]
[White "Maredi, Alex Donald Lebogan"]
[Black "Janse van Rensburg, Marthinus D"]
[Result "1-0"]
[WhiteElo "1692"]
[BlackElo "1451"]
[PlyCount "91"]
[EventDate "2016.01.04"]
[EventType "team-tourn"]
[EventRounds "7"]
[EventCountry "RSA"]
[SourceTitle "CBM 170 Extra"]
[Source "ChessBase"]
[SourceDate "2016.02.25"]
[SourceVersion "1"]
[SourceVersionDate "2016.02.25"]
[SourceQuality "1"]
[WhiteTeam "Tshwane"]
[BlackTeam "Bojanala Platina"]
[WhiteTeamCountry "RSA"]
[BlackTeamCountry "RSA"]

1. d4 g6 2. c4 Bg7 3. Nf3 c5 4. e4 cxd4 5. Nxd4 Nf6 6. Nc3 d6 7. Be2 Qb6 8. Nb3 0-0 9. Be3 Qc7 10. Rc1 b6 11. 0-0 Bb7 12. f3 Nbd7 13. a4 Nc5 14. Nd4 Qd7 15. b4 Na6 16. Qb3 Rfc8 17. Rfd1 e5 18. Ndb5 Bf8 19. Rd2 d5 20. exd5 Bxb4 21. Kh1 Bxc3 22. Qxc3 Nxd5 23. Qxe5 Qe6 24. Qxe6 fxe6 25. Bg5 Ndb4 26. Rb1 Nc6 27. Nd6 Rc7 28. Ne4 Rf8 29. Rd6 Kf7 30. Rbd1 Ne5 31. Bh6 Bxe4 32. Bxf8 Bxf3 33. gxf3 Kxf8 34. Rxe6 Nf7 35. Re3 Nc5 36. Ra3 a5 37. Kg2 Ke7 38. f4 Rd7 39. Rxd7+ Kxd7 40. Kf2 Nd6 41. Ke3 Nf5+ 42. Kd2 Kd6 43. Bd3 Nd4 44. Ke3 Ndb3 45. f5 gxf5 46. Bxf5 1-0